Statistics for Historical Higher/Lower

Click here to take the quiz!

General Stats

  • This quiz has been taken 27 times
  • The average score is 9 of 15

Answer Stats

QuestionAnswer% Correct
Ottoman Conquest of Constantinople: 1440 | Is the real answer higher or lower?Higher
87%
Size of the Mongol Empire at its peak: 5 million sq mi(12.95 million sq km) | Is the real answer higher or lower?Higher
83%
Italian adoption of the Euro: 2006 | Is the real answer higher or lower?Lower
70%
Population of France: 50 million | Is the real answer higher or lower?Higher
65%
Discovery of the Cape of Good Hope: 1500 | Is the real answer higher or lower?Lower
61%
Distance from New York to London as the crow flies: 3,000 mi (4,828 km) | Is the real answer higher or lower?Higher
57%
Number of Inhabited Greek Islands: 500 | Is the real answer higher or lower?Lower
57%
Years that Mansa Musa reigned: 35 | Is the real answer higher or lower?Lower
57%
Last confirmed sighting of the Dodo: 1785 | Is the real answer higher or lower?Lower
57%
National flags with only two colors: 15 | Is the real answer higher or lower?Higher
52%
Days between Challenger explosion and Chernobyl: 365 | Is the real answer higher or lower?Lower
52%
Number of years of East Germany existence before reunification: 45 | Is the real answer higher or lower?Lower
52%
Adoption of the current flag of Denmark: 1068 | Is the real answer higher or lower?Higher
39%
National Capitals further north than Stockholm: 3 | Is the real answer higher or lower?Higher
35%
Number of popes named Leo: 10 | Is the real answer higher or lower?Higher
30%

Score Distribution

Percentile by Number Answered

Percent of People with Each Score

Your Score History

You have not taken this quiz